[Event "Eurasian Blitz Chess Cup"]
[Site "Almaty KAZ"]
[Date "2016.06.18"]
[Round "13.23"]
[White "Arutinian, David"]
[Black "Kotsur, Pavel"]
[Result "1-0"]
[WhiteTitle "GM"]
[BlackTitle "GM"]
[WhiteElo "2527"]
[BlackElo "2552"]
[WhiteFideId "13601741"]
[BlackFideId "13700278"]
[EventDate "2016.06.18"]

1. Nf3 c5 2. c4 Nc6 3. g3 g6 4. Bg2 Bg7 5. O-O e6 6. Nc3 Nge7 7. d3 O-O 8. Bg5
b6 9. a3 Bb7 10. Qc1 d5 11. Rb1 a5 12. Rd1 d4 13. Nb5 Re8 14. e3 h6 15. Bxe7
Qxe7 16. exd4 cxd4 17. Re1 Rac8 18. Qd1 e5 19. Nfxd4 Nxd4 20. Nxd4 Bxg2 21. Kxg2
Red8 22. Nb5 Qb7+ 23. Kg1 e4 24. Re3 f5 25. Qe2 exd3 26. Rxd3 Re8 27. Re3 Rxe3
28. Qxe3 Rd8 29. b3 Qe4 30. Qxe4 fxe4 31. Re1 Rd3 32. Re3 Be5 33. Rxe4 Bf6 34.
Re3 Rd1+ 35. Kg2 Kf7 36. h4 g5 37. h5 g4 38. Nc7 Bg5 39. Re4 Rd3 40. Rxg4 Rxb3
41. Nd5 Rxa3 42. Nxb6 Be7 43. Re4 Rb3 44. Nd7 a4 45. c5 a3 46. Ra4 Rc3 47. Kf1
Ke6 48. Ra7 a2 49. Rxa2 Kxd7 50. Ra6 Bf8 51. Rf6 Ke7 52. Rf5 Ke6 53. Rxf8 Rxc5
54. g4 Kd5 1-0

[Event "Eurasian Blitz Chess Cup"]
[Site "Almaty KAZ"]
[Date "2016.06.18"]
[Round "13.24"]
[White "Marin, Mihail"]
[Black "Vakhidov, Jahongir"]
[Result "0-1"]
[WhiteTitle "GM"]
[BlackTitle "GM"]
[WhiteElo "2576"]
[BlackElo "2578"]
[WhiteFideId "1200020"]
[BlackFideId "14201801"]
[EventDate "2016.06.18"]

1. Nf3 g6 2. e4 Bg7 3. d4 d6 4. c3 Nf6 5. Bd3 O-O 6. O-O Nc6 7. Bg5 e5 8. Re1 h6
9. Bh4 Bg4 10. d5 Ne7 11. c4 c5 12. Nc3 g5 13. Bg3 Nh5 14. h3 Bxf3 15. Qxf3 Nf4
16. Rad1 Qd7 17. Qg4 Rad8 18. Qxd7 Rxd7 19. Bc2 h5 20. f3 g4 21. hxg4 hxg4 22.
fxg4 Bh6 23. Bf2 Kh7 24. g3 Nh3+ 25. Kg2 Nxf2 26. Kxf2 Rg8 27. Kf3 Rg6 28. Rh1
Rd8 29. Rh5 Rdg8 30. Rh4 Rf6+ 31. Kg2 Rg5 32. Rdh1 Kg7 33. Nd1 Ng6 34. Rxh6 Nf4+
35. gxf4 Rxg4+ 36. Kf3 Rgxf4+ 37. Ke3 Rxh6 38. Rxh6 Kxh6 39. Bd3 a6 40. a3 Rh4
41. b4 b6 42. Nc3 Rh3+ 43. Kd2 Rh2+ 44. Be2 Rh3 45. Bg4 Rh2+ 46. Kd3 cxb4 47.
axb4 a5 48. bxa5 bxa5 49. Bd7 Kg5 50. Be8 Rh3+ 51. Kc2 Kf4 52. Bxf7 Ke3 53. Be8
Kd4 54. Nb5+ Kc5 55. Bc6 a4 56. Kb2 Re3 57. Nc7 Rxe4 58. Na6+ Kxc4 59. Ka3 Re1
60. Nc7 e4 61. Bb5+ Kc3 62. Ka2 Kb4 63. Ba6 e3 64. Ne6 e2 0-1

[Event "Eurasian Blitz Chess Cup"]
[Site "Almaty KAZ"]
[Date "2016.06.18"]
[Round "14.3"]
[White "Mamedov, Rauf"]
[Black "Kasimdzhanov, Rustam"]
[Result "0-1"]
[WhiteTitle "GM"]
[BlackTitle "GM"]
[WhiteElo "2655"]
[BlackElo "2703"]
[WhiteFideId "13401653"]
[BlackFideId "14200244"]
[EventDate "2016.06.18"]

1. e4 e5 2. Bc4 Nf6 3. d3 c6 4. Nf3 d5 5. Bb3 Bb4+ 6. Bd2 Bxd2+ 7. Nbxd2 Nbd7 8.
O-O O-O 9. Re1 d4 10. Nf1 Re8 11. c3 c5 12. cxd4 cxd4 13. Rc1 b6 14. Ng3 Nc5 15.
Bc4 a5 16. Nf5 h6 17. h3 Bxf5 18. exf5 Qd6 19. Nd2 e4 20. dxe4 Nfxe4 21. Nxe4
Nxe4 22. Qh5 Ra7 23. Bb5 Re5 24. Rc6 Qb4 25. Qe2 Rae7 26. Bd3 Nc5 27. Rc8+ Kh7
28. f6+ Nxd3 29. Qxd3+ g6 30. Rf1 Rd7 31. Qf3 Qd6 32. Qa8 Qxf6 33. Rc6 Re6 34.
Rc2 d3 35. Rd2 Re2 36. Rdd1 Rxb2 37. Qc8 Qd8 38. Qc4 Rc2 39. Qb3 Rcc7 40. h4
Qxh4 41. Qxb6 Qb4 42. Qf6 Qd4 43. Qf3 a4 44. Rd2 Rc2 45. Rfd1 Rxd2 46. Rxd2 h5
47. g3 Kg7 48. a3 Qa1+ 49. Kh2 Qxa3 50. Qe4 Qc3 51. Rd1 a3 52. Qa4 Qd4 53. Qxa3
Qxf2+ 54. Kh3 Qf5+ 55. Kh2 Qf2+ 56. Kh3 Qd4 57. Rd2 Rd5 58. Qe7 Rd7 59. Qe1 Qd6
60. Qa1+ Qf6 61. Qa4 Rd4 62. Qa7 h4 63. Qc7 hxg3 64. Qxg3 Qf5+ 65. Kh2 Qh5+ 0-1

[Event "Eurasian Blitz Chess Cup"]
[Site "Almaty KAZ"]
[Date "2016.06.18"]
[Round "14.7"]
[White "Jobava, Baadur"]
[Black "Kovalenko, Igor"]
[Result "1-0"]
[WhiteTitle "GM"]
[BlackTitle "GM"]
[WhiteElo "2669"]
[BlackElo "2668"]
[WhiteFideId "13601520"]
[BlackFideId "14117908"]
[EventDate "2016.06.18"]

1. d4 Nf6 2. Nc3 d5 3. Bf4 c5 4. e3 cxd4 5. exd4 e6 6. Nb5 Na6 7. c3 Be7 8. Nf3
O-O 9. Bd3 Bd7 10. a4 Bxb5 11. axb5 Nc7 12. O-O Bd6 13. Ne5 Ne4 14. f3 Nf6 15.
Re1 Nh5 16. Bd2 Qh4 17. Qc2 f5 18. Be3 a6 19. bxa6 bxa6 20. Bf2 Qg5 21. Bf1 Rab8
22. Nd7 Rbd8 23. Nxf8 Rxf8 24. g3 Nf6 25. Bg2 h5 26. Be3 Qg6 27. Qd2 h4 28. Bf4
Rd8 29. Bxd6 Rxd6 30. Qf4 Rc6 31. Qxh4 Rb6 32. Qf4 Nce8 33. Re2 Qf7 34. Rae1 Nd7
35. g4 g6 36. gxf5 gxf5 37. Bh3 Ng7 38. Rg2 Kf8 39. Qh6 Nf6 40. Qg6 Qxg6 41.
Rxg6 Ngh5 42. Bg4 Kf7 43. Bxh5 Nxh5 44. Rg2 Nf4 45. Rd2 Rb8 46. Ra1 Rg8+ 47. Kf1
Ra8 48. Kf2 Kf6 49. Ke3 Ng6 50. b4 f4+ 51. Kd3 Ne7 52. b5 a5 53. b6 Nc6 54. Rb2
Ke7 55. c4 dxc4+ 56. Kxc4 Kd6 57. b7 Rd8 58. Re1 Nb4 59. Re5 Kc7 60. Rc5+ Kb8
61. Rxa5 1-0

[Event "Eurasian Blitz Chess Cup"]
[Site "Almaty KAZ"]
[Date "2016.06.18"]
[Round "14.8"]
[White "Nepomniachtchi, Ian"]
[Black "Kazhgaleyev, Murtas"]
[Result "1-0"]
[WhiteTitle "GM"]
[BlackTitle "GM"]
[WhiteElo "2719"]
[BlackElo "2582"]
[WhiteFideId "4168119"]
[BlackFideId "13700316"]
[EventDate "2016.06.18"]

1. Nc3 e5 2. Nf3 d6 3. d4 exd4 4. Nxd4 Nf6 5. e4 Be7 6. Bc4 O-O 7. Bb3 Re8 8.
O-O Bf8 9. f3 c6 10. Kh1 Nbd7 11. a4 Ne5 12. Bg5 h6 13. Bh4 Ng6 14. Bf2 Qc7 15.
a5 Bd7 16. Qd2 b5 17. axb6 axb6 18. Rad1 b5 19. Nf5 Bxf5 20. exf5 Ne5 21. Bh4
Nfd7 22. f6 g6 23. f4 Ng4 24. f5 g5 25. Bxg5 Ndxf6 26. Bf4 Ne5 27. Bxh6 Kh8 28.
Bxf8 Rxf8 29. Qh6+ Nh7 30. Ne4 f6 31. Rxd6 Rad8 32. Rxd8 Qxd8 33. Qe3 Qc7 34. h3
Re8 35. Be6 Rd8 36. Ra1 Qb8 37. Qh6 Rf8 38. Ra3 Qc7 39. Rg3 Qe7 40. c3 Rd8 41.
Kh2 c5 42. Rg6 Qc7 43. Rg3 Qe7 44. b3 c4 45. bxc4 bxc4 46. Nd2 Qc7 47. Ne4 Qe7
48. Nf2 Rb8 49. Qf4 Qc7 50. Ne4 Rb2 51. Rg8# 1-0

[Event "Eurasian Blitz Chess Cup"]
[Site "Almaty KAZ"]
[Date "2016.06.18"]
[Round "14.9"]
[White "Aleksandrov, Aleksej"]
[Black "Moiseenko, Alexander"]
[Result "1-0"]
[WhiteTitle "GM"]
[BlackTitle "GM"]
[WhiteElo "2577"]
[BlackElo "2648"]
[WhiteFideId "13500139"]
[BlackFideId "14102560"]
[EventDate "2016.06.18"]

1. d4 Nf6 2. c4 e6 3. Nc3 Bb4 4. e3 b6 5. f3 O-O 6. e4 d5 7. e5 Nfd7 8. cxd5
exd5 9. a3 Bxc3+ 10. bxc3 c5 11. f4 Ba6 12. Bxa6 Nxa6 13. Nf3 b5 14. f5 Qb6 15.
O-O Rfe8 16. Kh1 Rac8 17. Qe1 cxd4 18. cxd4 Rc2 19. Qg3 Nf8 20. Bg5 Kh8 21. Qh4
Nc7 22. h3 Qc6 23. Rac1 Rc8 24. f6 Ng6 25. fxg7+ Kg8 26. Qg4 Rc4 27. Rcd1 Qe6
28. Qh5 Ne8 29. Bf6 Nf4 30. Qh6 Nxf6 31. exf6 Qe4 32. Rde1 Qf5 33. Nh4 Qd3 34.
Qxf4 1-0

[Event "Eurasian Blitz Chess Cup"]
[Site "Almaty KAZ"]
[Date "2016.06.18"]
[Round "14.10"]
[White "Shoker, Samy"]
[Black "Hou, Yifan"]
[Result "0-1"]
[WhiteTitle "GM"]
[BlackTitle "GM"]
[WhiteElo "2489"]
[BlackElo "2663"]
[WhiteFideId "627143"]
[BlackFideId "8602980"]
[EventDate "2016.06.18"]

1. Nf3 Nf6 2. g3 b5 3. Bg2 Bb7 4. Na3 a6 5. c4 b4 6. Nc2 c5 7. O-O e6 8. d4 Qc8
9. b3 d6 10. Bb2 Nbd7 11. Ne3 Be4 12. d5 e5 13. Nh4 Bxg2 14. Nexg2 g6 15. f4 Bg7
16. fxe5 Ng4 17. Rxf7 Kxf7 18. e6+ Kg8 19. Bxg7 Kxg7 20. exd7 Qxd7 21. Nf4 Rae8
22. Qd2 Rhf8 23. Nf3 Rf6 24. Qb2 Kg8 25. Rf1 Rxf4 26. gxf4 Ne3 27. Qf6 Qg4+ 0-1

[Event "Eurasian Blitz Chess Cup"]
[Site "Almaty KAZ"]
[Date "2016.06.18"]
[Round "14.11"]
[White "Khusnutdinov, Rustam"]
[Black "Le, Quang Liem"]
[Result "0-1"]
[WhiteTitle "GM"]
[BlackTitle "GM"]
[WhiteElo "2476"]
[BlackElo "2718"]
[WhiteFideId "13701703"]
[BlackFideId "12401137"]
[EventDate "2016.06.18"]

1. e4 e5 2. Nc3 Nc6 3. g3 Bc5 4. Bg2 a6 5. Nge2 Nge7 6. O-O O-O 7. d3 d6 8. Be3
Bg4 9. Qd2 Qd7 10. d4 exd4 11. Nxd4 Ne5 12. b3 Bxd4 13. Bxd4 Nf3+ 14. Bxf3 Bxf3
15. Qf4 Bh5 16. f3 Bg6 17. g4 f6 18. Rad1 Rae8 19. Kg2 Qe6 20. Bf2 Rd8 21. Rfe1
Rfe8 22. Bg3 h6 23. Ne2 Qf7 24. Qc1 Bh7 25. Nf4 Ng6 26. Nd5 Ne5 27. h3 h5 28.
Qf4 c6 29. Nc3 d5 30. Qe3 hxg4 31. hxg4 dxe4 32. Bxe5 exf3+ 33. Qxf3 fxe5 34.
Rxd8 Rxd8 35. Rxe5 Qxf3+ 36. Kxf3 Bxc2 37. Re7 Kf8 38. Re3 Rd4 39. g5 Kf7 40.
Na4 Rd5 41. Kf4 b5 42. Nb6 Rd8 43. Rc3 Bb1 44. a4 Rd6 45. Nc8 Re6 46. a5 Be4 47.
Nb6 Ke7 48. b4 Kd6 49. Nc8+ Kc7 50. Nb6 Kd6 51. Nc8+ Kd5 52. Rc5+ Kd4 53. Nb6
Re8 54. Nd7 Bd5 55. Nb6 Rf8+ 56. Kg4 Rf1 57. Kh5 Be4 58. Na8 Rf7 59. Nb6 Rf4 60.
Na8 Rf7 61. Kg4 g6 62. Nb6 Bd5 63. Na8 Re7 64. Kg3 Re3+ 65. Kf4 Rf3+ 66. Kg4 Rb3
67. Nc7 Rxb4 68. Nxa6 Ra4 69. Rc1 Ke5+ 70. Kg3 Rxa5 71. Nb4 Ra3+ 72. Kf2 Kd6 73.
Rd1 Rf3+ 74. Ke2 Rg3 0-1

[Event "Eurasian Blitz Chess Cup"]
[Site "Almaty KAZ"]
[Date "2016.06.18"]
[Round "14.12"]
[White "Jones, Gawain C B"]
[Black "Pantsulaia, Levan"]
[Result "1/2-1/2"]
[WhiteTitle "GM"]
[BlackTitle "GM"]
[WhiteElo "2650"]
[BlackElo "2612"]
[WhiteFideId "409561"]
[BlackFideId "13602071"]
[EventDate "2016.06.18"]

1. e4 c5 2. Nf3 e6 3. d3 d5 4. Qe2 Nf6 5. g3 Nc6 6. Bg2 Be7 7. O-O O-O 8. e5 Nd7
9. c4 d4 10. h4 b6 11. Ng5 Bb7 12. Bf4 Qc7 13. Nd2 Bxg5 14. hxg5 Ne7 15. Ne4 Ng6
16. Nd6 Bxg2 17. Kxg2 f6 18. gxf6 gxf6 19. Qg4 f5 20. Qg5 Qd8 21. Qxd8 Rfxd8 22.
Rae1 Ndxe5 23. Rxe5 Nxf4+ 24. gxf4 Rxd6 25. Kf3 Rf8 26. Rg1+ Kf7 27. Rh1 Kg7 28.
Rg1+ Kf6 29. Rh1 Rf7 30. Rh6+ Ke7 31. Re1 a6 32. Reh1 b5 33. b3 bxc4 34. bxc4
Rb6 35. Rxh7 Rb2 36. Rxf7+ Kxf7 37. Rh7+ Kf6 38. Rc7 Rxa2 39. Rxc5 Rd2 40. Ra5
Rxd3+ 41. Ke2 Rc3 42. c5 Rc2+ 43. Kd3 Rxf2 44. c6 Ke7 45. Rc5 Kd8 46. Kxd4 Rxf4+
47. Ke5 Re4+ 48. Kd6 f4 49. Rc3 e5 50. Rh3 Rd4+ 51. Kxe5 Rd1 52. Kxf4 Kc7 53.
Rc3 Re1 54. Rc5 Re6 55. Kf3 Re8 56. Kf4 Kb6 57. Re5 Rd8 58. Re6 a5 59. Ke3 Rd5
60. Ke4 Rd1 61. c7+ Kxc7 62. Ra6 Ra1 63. Kd3 Kb7 64. Rh6 Rc1 65. Kd2 Rc5 66. Rh3
Kb6 67. Rc3 Rh5 68. Kc1 1/2-1/2

[Event "Eurasian Blitz Chess Cup"]
[Site "Almaty KAZ"]
[Date "2016.06.18"]
[Round "14.13"]
[White "Fressinet, Laurent"]
[Black "Dreev, Aleksey"]
[Result "1-0"]
[WhiteTitle "GM"]
[BlackTitle "GM"]
[WhiteElo "2687"]
[BlackElo "2664"]
[WhiteFideId "608742"]
[BlackFideId "4100107"]
[EventDate "2016.06.18"]

1. Nf3 d5 2. g3 c6 3. Bg2 Bg4 4. h3 Bh5 5. O-O e6 6. d3 Nd7 7. e4 Bd6 8. exd5
exd5 9. c4 Ne7 10. Nc3 Nb6 11. Qb3 f6 12. cxd5 Bf7 13. Nd4 O-O 14. Ne6 Bxe6 15.
dxe6 Be5 16. Rd1 Bd4 17. Ne2 Kh8 18. Nxd4 Qxd4 19. Be3 Qd6 20. Rac1 Rfd8 21. a4
Nbd5 22. Bc5 Qc7 23. d4 Rac8 24. a5 Qb8 25. Qa3 Re8 26. Re1 Rcd8 27. Qf3 a6 28.
Qh5 Qc7 29. Bxd5 Nxd5 30. e7 Rc8 31. Re6 Qxa5 32. Rce1 Qd2 33. R6e2 Qg5 34. Qf7
Qg6 35. Qe6 h5 36. Kh2 a5 37. Re4 Qg5 38. h4 Qg6 39. Bd6 Kh7 40. Kg2 a4 41. Bc5
Ra8 42. Qd7 Rab8 43. Bd6 Ra8 44. Qxb7 Rac8 45. Qd7 Nb6 46. Qe6 Nd5 47. Bc5 f5
48. Qxg6+ Kxg6 49. Re6+ Kf7 50. Kf3 Rc7 51. R6e5 g6 52. Ra1 Nxe7 53. Rxa4 Nd5
54. Rxe8 Kxe8 55. Ra8+ Kf7 56. Rb8 Kf6 57. b4 Kf7 58. Ke2 f4 59. Kf3 fxg3 60.
fxg3 Ke6 61. Ke2 Kf5 62. Kf3 Rf7 63. Rc8 Ke6+ 64. Ke4 Kd7 65. Ra8 Rf1 66. Ra7+
Ke6 67. Rg7 Kf6 68. Rg8 Rb1 69. Rc8 Re1+ 70. Kd3 Re6 71. Rf8+ Kg7 72. Rc8 Kf6
73. Rf8+ Kg7 74. Rd8 Re3+ 75. Kd2 Rb3 76. Rd6 Nxb4 77. Rd7+ Kf6 78. Rb7 Rb2+ 79.
Kc3 Rg2 80. Bxb4 Rxg3+ 81. Kc4 Rg4 82. Be7+ Ke6 83. Bg5 Rg2 84. Re7+ Kd6 85. Rg7
Rc2+ 86. Kd3 Rh2 87. Bf4+ 1-0

[Event "Eurasian Blitz Chess Cup"]
[Site "Almaty KAZ"]
[Date "2016.06.18"]
[Round "14.14"]
[White "Anton Guijarro, David"]
[Black "Saric, Ivan"]
[Result "0-1"]
[WhiteTitle "GM"]
[BlackTitle "GM"]
[WhiteElo "2627"]
[BlackElo "2660"]
[WhiteFideId "2285525"]
[BlackFideId "14508150"]
[EventDate "2016.06.18"]

1. d4 Nf6 2. c4 e6 3. Nc3 Bb4 4. e3 d5 5. Nf3 O-O 6. Bd3 b6 7. O-O Bb7 8. a3 Bd6
9. Qe2 Nbd7 10. Rd1 Ne4 11. Bd2 f5 12. Rac1 c6 13. b4 Rf6 14. Be1 Rh6 15. g3 g5
16. Nd2 Nxc3 17. Rxc3 Nf6 18. Rc2 Qe8 19. c5 bxc5 20. dxc5 Bc7 21. f3 Rd8 22.
Nf1 Bc8 23. b5 cxb5 24. Bxb5 Qh5 25. Bc3 e5 26. c6 Re8 27. Bb4 g4 28. fxg4 fxg4
29. Rcd2 Bf5 30. Bd3 Ne4 31. Rc2 a5 32. Be1 Ng5 33. h4 gxh3 34. Qxh5 Rxh5 35.
Nh2 Bxd3 36. Rxd3 d4 37. exd4 exd4 38. Bf2 Ne6 39. Re2 Rc5 40. Rxd4 Rc1+ 41. Nf1
h2+ 42. Kxh2 Rxf1 43. Rd7 Ng7 44. Rxg7+ Kxg7 45. Rxe8 Rxf2+ 46. Kh3 Rf7 47. a4
Kf6 48. Kg4 Re7 49. Rh8 Ke6 50. Kh5 Bxg3 0-1

[Event "Eurasian Blitz Chess Cup"]
[Site "Almaty KAZ"]
[Date "2016.06.18"]
[Round "14.16"]
[White "Yilmaz, Mustafa"]
[Black "Vallejo Pons, Francisco"]
[Result "0-1"]
[WhiteTitle "GM"]
[BlackTitle "GM"]
[WhiteElo "2613"]
[BlackElo "2711"]
[WhiteFideId "6302718"]
[BlackFideId "2205530"]
[EventDate "2016.06.18"]

1. c4 e5 2. Nc3 Nc6 3. g3 Bc5 4. Bg2 d6 5. e3 a6 6. Nf3 Ba7 7. d4 exd4 8. Nxd4
Nge7 9. O-O O-O 10. Nxc6 Nxc6 11. b3 Ne5 12. Bb2 Bg4 13. Ne2 Nf3+ 14. Kh1 Qg5
15. h3 Qh6 16. Nf4 Nh2 17. hxg4 Nxf1+ 18. Nh3 Nxe3 19. fxe3 Qxe3 20. Bxb7 Rae8
21. Qf3 Qd2 22. Bc3 Qc2 23. Re1 Qxa2 24. Be4 c6 25. Ng5 Qf2 26. Bxh7+ Kh8 27.
Qxf2 Bxf2 28. Rf1 Be3 29. Nxf7+ Kxh7 30. Rf3 Kg6 31. Ne5+ dxe5 32. Rxe3 e4 33.
Kg2 Rf7 34. Bd4 Kg5 35. Bc5 Kxg4 36. Bd6 g5 37. b4 Rf3 38. Re2 e3 39. Ra2 e2 0-1

[Event "Eurasian Blitz Chess Cup"]
[Site "Almaty KAZ"]
[Date "2016.06.18"]
[Round "14.17"]
[White "Ehlvest, Jaan"]
[Black "Sjugirov, Sanan"]
[Result "0-1"]
[WhiteTitle "GM"]
[BlackTitle "GM"]
[WhiteElo "2524"]
[BlackElo "2665"]
[WhiteFideId "4500016"]
[BlackFideId "4189302"]
[EventDate "2016.06.18"]

1. Nf3 Nf6 2. g3 d5 3. Bg2 c6 4. O-O Bg4 5. d3 Nbd7 6. Nbd2 e5 7. h3 Bh5 8. e4
Bd6 9. Qe1 O-O 10. Nh4 Re8 11. a3 a5 12. b3 Qc7 13. Bb2 Bc5 14. Kh1 Bg6 15. Nxg6
hxg6 16. Nf3 Qb6 17. Qe2 Rad8 18. Rad1 Qc7 19. h4 Qd6 20. a4 Qc7 21. Bh3 Bd6 22.
Kg2 Nc5 23. Ng5 b5 24. axb5 cxb5 25. exd5 Nxd5 26. h5 gxh5 27. Qxh5 Nf6 28. Qf3
a4 29. d4 e4 30. Qe2 Ncd7 31. c4 bxc4 32. bxc4 Qb7 33. Bxd7 Rxd7 34. d5 Be5 35.
Bxe5 Rxe5 36. Rb1 Qc7 37. Nh3 Re8 38. Nf4 Ra8 39. Ra1 a3 40. Ra2 Qc5 41. Rb1 Rc7
42. Rb3 g6 43. Rc3 Kg7 44. Qe3 Qb4 45. Rcxa3 Rxa3 46. Rxa3 Qxc4 47. d6 Rc8 48.
Ra7 Qc6 49. Ne6+ Kg8 50. Qh6 e3+ 51. f3 Qc2+ 52. Kh3 Qf5+ 53. Kh4 Rc4+ 54. g4
Rxg4+ 0-1

[Event "Eurasian Blitz Chess Cup"]
[Site "Almaty KAZ"]
[Date "2016.06.18"]
[Round "14.18"]
[White "Dzhumagaliev, Yan"]
[Black "Volokitin, Andrei"]
[Result "1-0"]
[WhiteTitle "FM"]
[BlackTitle "GM"]
[WhiteElo "2400"]
[BlackElo "2624"]
[WhiteFideId "24100110"]
[BlackFideId "14107090"]
[EventDate "2016.06.18"]

1. d4 Nf6 2. c4 g6 3. g3 Bg7 4. Bg2 O-O 5. Nc3 d6 6. Nf3 Nbd7 7. O-O e5 8. Rb1
c6 9. b4 e4 10. Ne1 d5 11. b5 Nb6 12. c5 Nc4 13. Nc2 h5 14. Bg5 Bf5 15. Ne3 Nxe3
16. fxe3 Qd7 17. Qb3 Rfc8 18. Bf4 Bh3 19. Nd1 Bxg2 20. Kxg2 h4 21. Nf2 hxg3 22.
hxg3 Ng4 23. bxc6 bxc6 24. Qb7 Qe6 25. Nxg4 Qxg4 26. Be5 Qe6 27. Bd6 Bh6 28. Rh1
Bg7 29. Rbf1 Rd8 30. Qxc6 Rab8 31. Rb1 Rxb1 32. Rxb1 Qg4 33. Rb2 Qe6 34. Qc7 Rd7
35. Qc8+ Kh7 36. Rb1 g5 37. Rh1+ Kg6 38. Qg8 Qg4 39. Qh7+ Kf6 40. Rf1+ Ke6 41.
Qxg7 1-0

[Event "Eurasian Blitz Chess Cup"]
[Site "Almaty KAZ"]
[Date "2016.06.18"]
[Round "14.19"]
[White "Potkin, Vladimir"]
[Black "Vahidov, Tair"]
[Result "1-0"]
[WhiteTitle "GM"]
[BlackTitle "GM"]
[WhiteElo "2597"]
[BlackElo "2435"]
[WhiteFideId "4131061"]
[BlackFideId "14200155"]
[EventDate "2016.06.18"]

1. d4 d6 2. e4 Nf6 3. Nc3 e5 4. Nf3 Nbd7 5. Bc4 Be7 6. a4 O-O 7. O-O a6 8. Re1
b6 9. Bg5 Bb7 10. Qd3 c6 11. Ba2 b5 12. Rad1 Qc7 13. Nh4 g6 14. Nf3 Rfe8 15. h3
Bf8 16. Qd2 b4 17. Nb1 a5 18. dxe5 dxe5 19. Qe2 Bg7 20. Nbd2 Nc5 21. Bb3 Ba6 22.
Qe3 Nfd7 23. Bh6 Rad8 24. Bxg7 Kxg7 25. h4 Nxb3 26. Nxb3 c5 27. h5 c4 28. Nbd2
Nc5 29. h6+ Kg8 30. Nh2 Nxa4 31. Ng4 Qe7 32. Qf3 Nxb2 33. Nf6+ Kh8 34. Rb1 c3
35. Nb3 a4 36. Na5 Bb5 37. Nxe8 Rxe8 38. Nb7 Kg8 39. Na5 a3 40. Nb3 Bc4 41. Na5
Be6 42. Nc6 Qg5 43. Nxb4 Qxh6 44. Ra1 Qd2 45. Re2 Qd4 46. Nd3 a2 47. Nc1 Rb8 48.
Kh2 1-0

[Event "Eurasian Blitz Chess Cup"]
[Site "Almaty KAZ"]
[Date "2016.06.18"]
[Round "14.20"]
[White "Savchenko, Boris"]
[Black "Askarov, Bakhtiyar"]
[Result "1-0"]
[WhiteTitle "GM"]
[WhiteElo "2633"]
[BlackElo "2409"]
[WhiteFideId "4147332"]
[BlackFideId "13701100"]
[EventDate "2016.06.18"]

1. e4 c5 2. Nf3 e6 3. c3 d5 4. e5 Nc6 5. d4 Qb6 6. a3 c4 7. h4 Na5 8. Nbd2 Bd7
9. g3 h6 10. Bh3 O-O-O 11. O-O Ne7 12. Qe2 Rg8 13. Nh2 Re8 14. Qh5 f5 15. exf6
gxf6 16. Rb1 Bg7 17. Re1 Kb8 18. Ndf3 Nb3 19. Bxh6 Rh8 20. Bf4+ Ka8 21. Qf7 Rhg8
22. Bxe6 Ba4 23. Bxd5 Nxd5 24. Qxd5 Rc8 25. Qf5 Bc6 26. Re7 Rcf8 27. d5 Ba4 28.
Rbe1 Nc5 29. Be3 Qd6 30. Bxc5 Qxc5 31. Nd4 Bh6 32. Kg2 Rc8 33. Ng4 Bf8 34. R7e4
Bd6 35. Nxf6 Rgf8 36. Ne6 Qb6 37. Nxf8 Rxf8 38. Nd7 Bxd7 39. Qxf8+ 1-0

[Event "Eurasian Blitz Chess Cup"]
[Site "Almaty KAZ"]
[Date "2016.06.18"]
[Round "14.21"]
[White "Gunina, Valentina"]
[Black "Bologan, Viktor"]
[Result "1-0"]
[WhiteTitle "GM"]
[BlackTitle "GM"]
[WhiteElo "2518"]
[BlackElo "2654"]
[WhiteFideId "4167570"]
[BlackFideId "13900048"]
[EventDate "2016.06.18"]

1. d4 Nf6 2. c4 e6 3. Nf3 b6 4. g3 Bb7 5. Bg2 Be7 6. O-O O-O 7. Nc3 Ne4 8. Bd2
Bf6 9. Be1 d6 10. Qc2 Nxc3 11. Bxc3 c6 12. e4 Nd7 13. e5 Be7 14. exd6 Bxd6 15.
Rad1 Qc7 16. Ng5 g6 17. b3 Be7 18. Ne4 Rad8 19. Bb2 Nf6 20. Ng5 c5 21. dxc5 bxc5
22. Qc3 Bxg2 23. Kxg2 Rxd1 24. Rxd1 Rd8 25. Rxd8+ Qxd8 26. Ne4 Qd4 27. Qxd4 cxd4
28. Nxf6+ Bxf6 29. Kf3 e5 30. Ke4 Bg7 31. g4 h5 32. h3 hxg4 33. hxg4 f6 34. c5
Kf7 35. f4 Ke6 36. fxe5 fxe5 37. b4 a6 38. a4 Bf8 39. Ba3 Be7 40. b5 axb5 41.
axb5 Bh4 42. Bb4 Bd8 43. b6 Kd7 44. Kd5 Bxb6 45. cxb6 d3 46. Kxe5 Kc6 47. Kd4 1-0

[Event "Eurasian Blitz Chess Cup"]
[Site "Almaty KAZ"]
[Date "2016.06.18"]
[Round "14.23"]
[White "Kotsur, Pavel"]
[Black "Arutinian, David"]
[Result "1-0"]
[WhiteTitle "GM"]
[BlackTitle "GM"]
[WhiteElo "2552"]
[BlackElo "2527"]
[WhiteFideId "13700278"]
[BlackFideId "13601741"]
[EventDate "2016.06.18"]

1. e4 c6 2. d4 d5 3. e5 Bf5 4. h4 h5 5. Bd3 Bxd3 6. Qxd3 e6 7. Bg5 Be7 8. Nf3
Nd7 9. Nbd2 Nh6 10. Nf1 Nf5 11. Ng3 Nxg3 12. fxg3 Qa5+ 13. c3 f6 14. Qg6+ Kd8
15. Qxg7 Rf8 16. exf6 Bxf6 17. O-O Kc7 18. Bxf6 Rxf6 19. Ne5 Rxf1+ 20. Rxf1 Rd8
21. Rf7 Qxa2 22. Nxd7 Kc8 23. Nc5 1-0

[Event "Eurasian Blitz Chess Cup"]
[Site "Almaty KAZ"]
[Date "2016.06.18"]
[Round "14.24"]
[White "Vakhidov, Jahongir"]
[Black "Marin, Mihail"]
[Result "1-0"]
[WhiteTitle "GM"]
[BlackTitle "GM"]
[WhiteElo "2578"]
[BlackElo "2576"]
[WhiteFideId "14201801"]
[BlackFideId "1200020"]
[EventDate "2016.06.18"]

1. c4 Nf6 2. g3 g6 3. Bg2 Bg7 4. Nc3 c5 5. Nf3 O-O 6. d4 Nc6 7. dxc5 Qa5 8. Nd2
Qxc5 9. O-O d6 10. Nd5 Nxd5 11. cxd5 Ne5 12. Nb3 Qb5 13. Nd4 Qa6 14. b3 Bd7 15.
Bb2 Rfc8 16. Qd2 Qb6 17. h3 Be8 18. Rfc1 a5 19. a4 Nd7 20. Qe3 Bf6 21. g4 Rc5
22. g5 Be5 23. f4 Bg7 24. Rd1 Kf8 25. Rab1 Rac8 26. h4 Qb4 27. h5 Nb6 28. h6 Bh8
29. Nf5 gxf5 30. Bxh8 Bd7 31. Bg7+ Ke8 32. Bf6 e6 33. dxe6 Bxe6 34. Rxd6 Rc1+
35. Rxc1 Rxc1+ 36. Qxc1 Qxd6 37. Bxb7 Nd5 38. Qc6+ Qxc6 39. Bxc6+ Kf8 40. Be5
Nb4 41. Bd6+ 1-0

[Event "Eurasian Blitz Chess Cup"]
[Site "Almaty KAZ"]
[Date "2016.06.19"]
[Round "15.2"]
[White "Jobava, Baadur"]
[Black "Kasimdzhanov, Rustam"]
[Result "1/2-1/2"]
[WhiteTitle "GM"]
[BlackTitle "GM"]
[WhiteElo "2669"]
[BlackElo "2703"]
[WhiteFideId "13601520"]
[BlackFideId "14200244"]
[EventDate "2016.06.18"]

1. e4 e5 2. Nf3 Nc6 3. Bc4 Bc5 4. c3 Nf6 5. b4 Bb6 6. d3 d6 7. a4 a6 8. Nbd2 Ne7
9. O-O O-O 10. Bb3 Ng6 11. Nc4 Ba7 12. Be3 h6 13. Bxa7 Rxa7 14. Ne3 Ra8 15. Re1
Re8 16. g3 Be6 17. a5 c6 18. Bxe6 Rxe6 19. c4 d5 20. Qc2 Qd7 21. Nf5 Rd8 22. Kg2
Ne7 23. Rab1 Nxf5 24. exf5 Ree8 25. b5 cxb5 26. cxb5 axb5 27. Nxe5 Qxf5 28. Qc7
Nh7 29. d4 Ng5 30. h4 Ne6 31. Qxb7 Nxd4 32. Nc6 Nxc6 33. Qxc6 Rxe1 34. Rxe1 Qc8
35. Qxb5 d4 36. Rd1 d3 1/2-1/2